| 000 | 00517nam a22001697a 4500 | ||
|---|---|---|---|
| 003 | CEME | ||
| 005 | 20210628203535.0 | ||
| 008 | 210119b xxu||||| |||| 00| 0 eng d | ||
| 040 | _c. | ||
| 082 | _a297.63 SAL | ||
| 100 |
_aSalah-Ud-Din Sani _966123 |
||
| 245 | _aAap (pubh) key guftagoo -wa- khatab ka tareka seerat-e-e tayyba (pubh) key roshnee may | ||
| 260 |
_aKARACHI _bISLAMIC PUBLICATIONS _c2007 |
||
| 300 | _a320P | ||
| 650 |
_aISLAM-BIOGRAPGY-PROPHET MUHAMMAD PEACE BE UPON HIM _966124 |
||
| 942 |
_cBK _2ddc |
||
| 999 |
_c574145 _d574145 |
||